Οι φτωχοί των πόλεων : η τεχνογνωσία της επιβίωσης στην Ελλάδα το μεσοπόλεμο

Saved in:
Bibliographic Details
Main Author: Πιζάνιας, Πέτρος, 1947-
Format: Book
Language:Greek
Published: Αθήνα : Θεμέλιο, 1993
Series:Ιστορική βιβλιοθήκη (Θεμέλιο (Εταιρεία))
Subjects:
Tags: Add Tag
No Tags, Be the first to tag this record!

MARC

LEADER 00000cam a2200000 i 4500
001 1/63058
008 960404s1993 gre d
020 |a 960-310-172-9 
035 |l 10029186 
040 |a GR-MY-UA  |b gre  |e aacr 
041 0 |a gre 
082 0 |a 305.56209495 
100 1 |a Πιζάνιας, Πέτρος,   |d 1947- 
245 1 3 |a Οι φτωχοί των πόλεων :  |b η τεχνογνωσία της επιβίωσης στην Ελλάδα το μεσοπόλεμο /  |c Πέτρος Πιζάνιας 
260 |a Αθήνα :   |b Θεμέλιο,   |c 1993 
300 |a 188 σ. 
490 1 |a Ιστορική βιβλιοθήκη 
500 |a Περιέχει ευρετήριο πηγές και βιβλιογραφία 
504 |a Περιέχει ευρετήριο 
650 0 |a Blue collar workers  |z Greece  |x History  |y 20th century. 
650 0 |a Poor  |z Greece  |x History  |y 20th century. 
830 0 |a Ιστορική βιβλιοθήκη (Θεμέλιο (Εταιρεία)) 
852 |a INST  |b CHIOS  |e 19960605  |h 305.56209495 ΠΙΖ  |p 005200003615  |q 005200003615  |t BK  |y 0 
852 |a INST  |b LESVOS  |e 19960404  |h 305.56209495 ΠΙΖ  |p 005100002201  |q 005100002201  |t BK  |y 0 
852 |a INST  |b RHODES  |e 19980611  |h 305.56209495 ΠΙΖ  |p 005400006339  |q 005400006339  |t BK  |y 0 
901 |a BIBL-1998-2 
909 |a Χ  |b 036834 
909 |a Λ  |b 036612 
909 |a Ρ  |b 053731  |c 1998 
922 |a 1ΔΩΡ  |b 199409  |c ΤΚΑ 
922 |a 4ΕΛΗ  |b 199802  |c ΠΙΖ  |d EMVASIS 
950 |a 160-1994-08-25